Представление документа в формате MARC21

ПолеНазваниеЗначение
  Тип записи a
  Библиографический уровень m
001 Контрольный номер RU/URAIT/566438
005 Дата корректировки 20260429163647.7
008 Кодируемые данные 260429s2025 RU y f j 000 0 rus u
020 Индекс ISBN __
a ISBN 978-5-534-11407-2
c Цена, тираж 919.00
040 Источник каталогиз. __
a Служба первич. каталог. ИКО Юрайт
c Служба, преобразующая запись ИКО Юрайт
e Правила каталог. RCR
041 Код языка издания __
a Код языка текста rus
044 Код страны публикации __
a Код страны публикации RU
080 Индекс УДК __
a Индекс УДК 398.21
084 Индекс другой классификации/Индекс ББК __
2 Источник индекса rubbk
a Индекс другой классификации/Индекс ББК 82
100 Автор __
a Автор Харузина В. Н.
q Полное имя Харузина Вера Николаевна
245 Заглавие __
a Заглавие Сказки русских инородцев
b Продолж. заглавия - служебная - для во и спо
c Ответственность В. Н. Харузина.
256 Характеристики компьютерного файла __
a Характеристики компьютерного файла Электрон. дан.
260 Выходные данные __
a Место издания Москва
b Издательство Юрайт
c Дата издания 2025
300 Физическое описание __
a Объем 199 с
440 Серия __
a Серия Памятники литературы
500 Примечания __
a Примечание URL: https://urait.ru/bcode/566438 (дата обращения: 29.04.2026).
520 Аннотация __
a Аннотация Автором книги является Вера Николаевна Харузина, русский и советский ученый-этнограф. Среди ее интересов важное место занимали мифология и фольклор. В данном сборнике она представила 40 блестящих образцов устного народного творчества народов Российской Империи конца XIX века. Книга написана легким и красочным языком. Для студентов-фольклористов, этнологов, культурологов и всех интересующихся.
538 Прим. о системных особенностях __
a Прим. о системных особенностях Режим доступа: Электронно-библиотечная система Юрайт, для авториз. пользователей
653 Ключевые слова __
a Ключевые слова Фольклор
653 Ключевые слова __
a Ключевые слова Языки и литература
653 Ключевые слова __
a Ключевые слова Устное народное творчество
653 Ключевые слова __
a Ключевые слова Фольклор
653 Ключевые слова __
a Ключевые слова Современный фольклор
856 Электронный адрес документа 40
n Местонахождение сервера Юрайт
g Электронная книга
q Тип электронного формата html
h Имя пользователя ЮРАЙТ
v Часы доступа к ресурсу 20271231
2 Способ доступа Показать документ
x Служебное примечание https://urait.ru/book/cover/98AB5E28-C8A5-45C9-98E8-46576BB1F821
u URL https://urait.ru/bcode/566438
856 Электронный адрес документа 48
q Тип электронного формата cover
u URL https://urait.ru/book/cover/98AB5E28-C8A5-45C9-98E8-46576BB1F821
911 __
u 0030=https://urait.ru/bcode/566438
911 __
u 073a=9785534114072
u 073d=919.00
911 __
u 106a=s
911 __
u 900l=
952 Тип литературы __
i Дисциплина Устное народное творчество
952 Тип литературы __
i Дисциплина Фольклор
952 Тип литературы __
i Дисциплина Современный фольклор